000 00719nam a2200217Ia 4500
003 GCL
008 140319s9999 xx 000 0 ara d
020 _a8204814977
040 _aGCL /
_cGCL
082 0 4 _a814.008
_bأ ك
100 1 _aانيس منصور
245 1 0 _aكيف لا ابكى /
_cانيس منصور
700 1 _aداليا محمد ابراهيم
250 _aالثالثة
260 _aالقاهرة :
_bنهضة مصر للطباعة والنشر والتوزيع ،
_c2003
300 _a320ص ؛
_c19سم
650 0 4 _aالمقالات العربية
650 0 4 _aالادب العربى - مقالات
650 0 4 _aالمقالات العربية - مجموعات
942 _2ddc
_cBK
999 _c8676
_d8676